Catálogo público

Química : (Record no. 80887)

MARC details
000 -CABECERA
campo de control de longitud fija 01752cam a22003857a 4500
003 - IDENTIFICADOR DEL NÚMERO DE CONTROL
campo de control CHAP
005 - FECHA Y HORA DE LA ÚLTIMA TRANSACCIÓN
campo de control 20220329142254.0
008 - DATOS DE LONGITUD FIJA--INFORMACIÓN GENERAL
campo de control de longitud fija 000424d1997 mx r 00110 spa d
010 ## - NÚMERO DE CONTROL DE LA BIBLIOTECA DEL CONGRESO
Número de control de LC 80887
011 ## - ENLACE DEL NUMERO DE CONTROL DE LA BIBLIOTECA DEL CONGRESO [OBSOLETO]
Número de control de LC 81859
020 ## - NÚMERO INTERNACIONAL ESTÁNDAR DEL LIBRO
Número Internacional Estándar del Libro 9706130586
035 ## - NÚMERO DE CONTROL DEL SISTEMA
Número de control de sistema 92340
040 ## - FUENTE DE LA CATALOGACIÓN
Centro/agencia transcriptor CHAP
082 04 - NÚMERO DE LA CLASIFICACIÓN DECIMAL DEWEY
Número de clasificación 540
Número de documento/Ítem T5Y 1992
100 00 - ENTRADA PRINCIPAL--NOMBRE DE PERSONA
Nombre de persona Timberlake, Karen C.
9 (RLIN) 113326
245 10 - MENCIÓN DE TÍTULO
Título Química :
Resto del título introducción a la química general, a la orgánica y a la bioquímica
Mención de responsabilidad, etc. /por Karen C. Timberlake
260 ## - PUBLICACIÓN, DISTRIBUCIÓN, ETC.
Lugar de publicación, distribución, etc. México, D.F. :
Nombre del editor, distribuidor, etc. Oxford University Press Harla,
Fecha de publicación, distribución, etc. 1997.
300 ## - DESCRIPCIÓN FÍSICA
Extensión 780 p. :
Otras características físicas ilus. ; gráfs.
500 ## - NOTA GENERAL
Nota general Trad. de : Chemistry and introduction to general organic, and biological chemistry, 5 ed. de 1992.
590 ## - NOTA LOCAL (RLIN)
Nota local BATCH-UPD
Procedencia (VM) [OBSOLETO] 10
Condición del los carretes individuales (VM) [OBSOLETO] 20130110
-- UCH01
-- 1510
590 ## - NOTA LOCAL (RLIN)
Nota local BATCH-UPD
Procedencia (VM) [OBSOLETO] 10
Condición del los carretes individuales (VM) [OBSOLETO] 20130410
-- UCH01
-- 0928
590 ## - NOTA LOCAL (RLIN)
Nota local BATCH-UPD
Procedencia (VM) [OBSOLETO] 10
Condición del los carretes individuales (VM) [OBSOLETO] 20130914
-- UCH01
-- 0645
590 ## - NOTA LOCAL (RLIN)
Nota local CONVERSION
Procedencia (VM) [OBSOLETO] 10
Condición del los carretes individuales (VM) [OBSOLETO] 20130109
-- UCH01
-- 1345
650 04 - PUNTO DE ACCESO ADICIONAL DE MATERIA--TÉRMINO DE MATERIA
Término de materia o nombre geográfico como elemento de entrada Química orgánica.
9 (RLIN) 93598
650 14 - PUNTO DE ACCESO ADICIONAL DE MATERIA--TÉRMINO DE MATERIA
Término de materia o nombre geográfico como elemento de entrada Bioquímica.
9 (RLIN) 12849
650 14 - PUNTO DE ACCESO ADICIONAL DE MATERIA--TÉRMINO DE MATERIA
Término de materia o nombre geográfico como elemento de entrada Química.
9 (RLIN) 93552
901 ## - ELEMENTOS DE DATOS A LOCAL LDA (RLIN)
a BK
905 ## - ELEMENTOS DE DATOS E LOCAL, LDE (RLIN)
a Alejandra Carrasco M.
942 ## - ELEMENTOS DE PUNTO DE ACCESO ADICIONAL (KOHA)
Tipo de ítem Koha Libro
949 ## - PROCESAMIENTO DE INFORMACIÓN LOCAL (OCLC)
a 540 T5Y 1992
b BC
c LIBRO
d 33724000737243
e LIBRO
g I. 203182
h 97757
i 92340
s i
t $179.00
949 ## - PROCESAMIENTO DE INFORMACIÓN LOCAL (OCLC)
a 540 T5Y 1992
b BC
c LIBRO
d 33724000834594
e LIBRO
f c.2
g I. c/e
h 100659
i 92340
s o
t $183.00
949 ## - PROCESAMIENTO DE INFORMACIÓN LOCAL (OCLC)
a 540 T5Y 1992
b BC
c LIBRO
d 33724000837530
e LIBRO
f c.3
g I. c/e
h 100872
i 92340
s i
t $235.00
949 ## - PROCESAMIENTO DE INFORMACIÓN LOCAL (OCLC)
a 540 T5Y 1992
b BC
c LIBRO
d 33724000837571
e LIBRO
f c.4
h 101618
i 92340
s o
t $235.00
949 ## - PROCESAMIENTO DE INFORMACIÓN LOCAL (OCLC)
a 540 T5Y 1992
b BC
c LIBRO
d 33724000883583
e LIBRO
f c.5 Sust
h 103314
i 92340
m Sustituye a : Watty, B., Margarita / QuŁmica analŁtica / 543 W3 / A. 61163. Perdido y sustituido por: Keith Laidler. FisicoquŁmica /541 L34Y 1995/
s i
t $235.00
Holdings
Estado de retiro Estado de pérdida Fuente del sistema de clasificación o colocación Estado dañado Restricciones de uso No para préstamo Código de colección Localización permanente Ubicación/localización actual Ubicación en estantería Fecha de adquisición Fuente de adquisición Información codificada de la localización en otra ubicación Total de préstamos Signatura topográfica completa Código de barras En préstamo Fecha visto por última vez Fecha del último préstamo Número de copia Precio válido a partir de Tipo de ítem Koha Renovaciones totales
    Dewey Decimal Classification   Préstamo 15 días   General Biblioteca Central Biblioteca Central Planta alta - Colección General 31/12/2019 I. 203182 LIBRO 2 540 T5Y 1992 33724000837571 09/04/2022 25/03/2022 25/03/2022 c.4 31/12/2019 Libro  
    Dewey Decimal Classification   Préstamo 15 días   General Biblioteca Central Biblioteca Central Planta alta - Colección General 31/12/2019 I. c/e LIBRO   540 T5Y 1992 33724000883583   31/12/2019   c.5 Sust 31/12/2019 Libro  
    Dewey Decimal Classification   Préstamo 15 días   General Biblioteca Central Biblioteca Central Planta alta - Colección General 31/12/2019 I. c/e   5 540 T5Y 1992 33724002570934   14/06/2024 11/06/2024   31/12/2019 Libro 5
    Dewey Decimal Classification   Préstamo 15 días   General Biblioteca Central Biblioteca Central Planta alta - Colección General 31/12/2019   LIBRO   540 T5Y 1992 33724000834594   31/12/2019   c.2 31/12/2019 Libro  
    Dewey Decimal Classification   Préstamo 15 días   General Biblioteca Central Biblioteca Central Planta alta - Colección General 31/12/2019   LIBRO   540 T5Y 1992 33724000837530   31/12/2019   c.3 31/12/2019 Libro